Limites do desenvolvimento sustentável / (Record no. 1076)

MARC details
000 -LÍDER
Campo Fixo de Controle 00836nam a2200265 a 4500
001 - NÚMERO DE CONTROLE
Campo de Controle 1076
003 - IDENTIFICAÇÃO DO NÚMERO DE CONTROLE
Campo de Controle BR-CuiBMT
005 - DATA E HORA DA ÚLTIMA ATUALIZAÇÃO
Campo de Controle 20231128142856.0
008 - DADOS FIXOS
Dados Fixos 231128s2001 spba 00| 0 por d
020 ## - INTERNATIONAL STANDARD BOOK NUMBER
Nº do ISBN 8526805339
040 ## - AGÊNCIA CATALOGADORA
Código da Agência Catalogadora BR-CuiBMT
Agência que transcreveu o registro BR-CuiBMT
080 ## - Nº DA CLASSIFICAÇÃO DECIMAL UNIVERSAL
Nº edição CDU 2007
Nº Class. CDU 502.131.1
090 ## - NÚMERO DE CHAMADA
Nº classificação 502.131.1
Cutter F663l
100 1# - ENTRADA PRINCIPAL -- AUTOR PESSOAL
Nome pessoal Foladori, Guillermo,
Datas associadas ao nome 1949-
240 10 - TÍTULO UNIFORME/ORIGINAL
Título original Los limites del desarrollo sustentable
Idioma da publicação Português
245 ## - TÍTULO PRINCIPAL
Título principal Limites do desenvolvimento sustentável /
Indicação de responsabilidade Guillermo Foladori ; tradução Marise Manoel.
260 ## - PUBLICAÇÃO, DISTRIBUIÇÃO, ETC.
Local de publicação Campinas, SP :
Editora Unicamp,
Data 2001.
300 ## - DESCRIÇÃO FÍSICA
N. páginas ou volumes 221 p.:
Ilustrações il.
Dimensões 21 cm
500 ## - NOTAS GERAIS
Notas gerais Tradução de: Los limites del desarrollo sustentable.
504 ## - NOTA DE BIBLIOGRAFIA, ETC.
Nota de bibliografia Inclui bibliografia.
650 ## - ASSUNTO TÓPICO
Cabeçalho tópico ou nome geográfico Desenvolvimento sustentável
650 ## - ASSUNTO TÓPICO
Cabeçalho tópico ou nome geográfico Meio ambiente
650 ## - ASSUNTO TÓPICO
Cabeçalho tópico ou nome geográfico Ecologia
942 ## - ELEMENTOS DE ENTRADA ADICIONAIS (KOHA)
Fonte de classificação ou esquema de arquivamento Classificação Decimal Universal
Tipo de item do Koha Livros
Holdings
Estado: removido Estado: perdido Fonte de classificação ou esquema de arquivamento Estado: danificado Indisponível para empréstimo Localização permanente Localização atual Data de aquisição Total Checkouts Número de Chamada completo Código de barras Date last seen Número do exemplar Preço efetivo a partir de Tipo de item (Koha)
    Classificação Decimal Universal     Biblioteca da Escola Superior de Contas do TCE/MT Biblioteca da Escola Superior de Contas do TCE/MT 28/11/2023   502.131.1 F663l BIBTCEMT23111219 28/11/2023 Ex. 1 28/11/2023 Livros

Powered by Koha